Loading...
| Science - Other | 0 | 6 | 0 | 2 | 60 | 59 | 97.00 | 1 | 1 | 0.00 | 0.00 |
| Philosophy | 0 | 6 | 2 | 0 | 50 | 77 | 110.67 | 1 | 1 | 0.00 | 0.00 |
| Social Science | 0 | 6 | 2 | 0 | 50 | 77 | 91.67 | 0 | 3 | 0.00 | 0.00 |
| History - American | 0 | 3 | 0 | 0 | 30 | 115 | 123.33 | 0 | 0 | 0.00 | 0.00 |
| Science - Physics | 0 | 4 | 2 | 1 | 30 | 103 | 118.00 | 0 | 0 | 0.00 | 0.00 |
| Fine Arts - Painting & Sculpture | 0 | 2 | 0 | 1 | 20 | 137 | 147.50 | 0 | 1 | 0.00 | 0.00 |
| Science - Chemistry | 0 | 2 | 0 | 0 | 20 | 107 | 112.50 | 0 | 0 | 0.00 | 0.00 |
| Current Events | 0 | 2 | 1 | 0 | 15 | 90 | 110.50 | 0 | 0 | 0.00 | 0.00 |
| Fine Arts - Other | 0 | 1 | 0 | 0 | 10 | 109 | 109.00 | 0 | 0 | 0.00 | 0.00 |
| Other Academic | 0 | 1 | 0 | 0 | 10 | 91 | 91.00 | 0 | 0 | 0.00 | 0.00 |
| Literature - American | 0 | 1 | 0 | 0 | 10 | 32 | 32.00 | 0 | 1 | 0.00 | 0.00 |
| Science - Biology | 0 | 1 | 0 | 0 | 10 | 25 | 25.00 | 0 | 1 | 0.00 | 0.00 |
| History - Other | 0 | 1 | 0 | 0 | 10 | 122 | 122.00 | 0 | 0 | 0.00 | 0.00 |
| Literature - World | 0 | 1 | 0 | 0 | 10 | 139 | 139.00 | 0 | 0 | 0.00 | 0.00 |
| History - European | 0 | 1 | 1 | 1 | 5 | 140 | 140.00 | 0 | 0 | 0.00 | 0.00 |
| History - World | 0 | 1 | 2 | 0 | 0 | 86 | 86.00 | 0 | 1 | 0.00 | 0.00 |
| Religion | 0 | 0 | 1 | 0 | -5 | 0.00 | 0 | 0 | 0.00 | 0.00 |